| 000 | 00586nam a2200169Ia 4500 | ||
|---|---|---|---|
| 008 | 090122s9999 xx 000 0 und d | ||
| 082 |
_b2160 _a920.71 |
||
| 100 |
_aचंदावरकर _bग _cल |
||
| 245 | _aधोंडो केशव कर्वे | ||
| 260 |
_bमोहिनी व नभोवाणी मंत्रालय _c1974 |
||
| 300 | _a220 | ||
| 600 | _aचंदावरकर | ||
| 630 | _aधोंडो केशव कर्वे | ||
| 700 | _aचंदावरकर | ||
| 730 | _aधोंडो केशव कर्वे | ||
| 942 | _cBOOK | ||
| 999 |
_c26238 _d26238 |
||